000 00906nam a22002537a 4500
001 BR7303688
003 BR-BrBNA
005 20230928084003.0
007 ta
008 230509b bl.||||| |||| 00| 0 por d
040 _aBR-BrBNA
_bpor
_cBiblioteca Nacional de Agricultura
041 _a(Por)
072 _aA50; F00
_b0336
_b/G514
090 _ 0336 BR7303688
100 1 _aVal, W.M. da C.
110 1 _aInstituto de Pesquisas e Experimentacao Agropecuarias do Centro-Oeste, Sete Lagoas, MG (Brasil)
_96174
245 1 _aRelatorio tecnico do projeto de intensificacao da pesquisa e experimentacao da soja [Glycine max; Brasil]
_bConvenio com M.A./M.P.C.G.-FNDCT (Fundo Nacional de Desenvolvimento Cientifico e Tecnologia)
260 3 _aSete Lagoas, MG (Brasil):
_c1972.
300 _a16 p.
650 _aPESQUISA AGRICOLA
650 _aSOJA
909 _a202309
_bLucia
_c55
_dLucia Elande
942 _cBK
999 _c16165
_d16165